<?xml version="1.0" encoding="UTF-8"?><?xml-stylesheet type="text/xsl" href="static/style.xsl"?><OAI-PMH xmlns="http://www.openarchives.org/OAI/2.0/" xmlns:xsi="http://www.w3.org/2001/XMLSchema-instance" xsi:schemaLocation="http://www.openarchives.org/OAI/2.0/ http://www.openarchives.org/OAI/2.0/OAI-PMH.xsd"><responseDate>2026-04-13T01:09:42Z</responseDate><request verb="GetRecord" identifier="oai:www.recercat.cat:2072/482572" metadataPrefix="marc">https://recercat.cat/oai/request</request><GetRecord><record><header><identifier>oai:recercat.cat:2072/482572</identifier><datestamp>2025-05-08T16:16:55Z</datestamp><setSpec>com_2072_98</setSpec><setSpec>col_2072_378192</setSpec></header><metadata><record xmlns="http://www.loc.gov/MARC21/slim" xmlns:dcterms="http://purl.org/dc/terms/" xmlns:xsi="http://www.w3.org/2001/XMLSchema-instance" xmlns:doc="http://www.lyncode.com/xoai" xsi:schemaLocation="http://www.loc.gov/MARC21/slim http://www.loc.gov/standards/marcxml/schema/MARC21slim.xsd">
   <leader>00925njm 22002777a 4500</leader>
   <datafield ind2=" " ind1=" " tag="042">
      <subfield code="a">dc</subfield>
   </datafield>
   <datafield ind2=" " ind1=" " tag="720">
      <subfield code="a">López-Contreras, Natalia</subfield>
      <subfield code="e">author</subfield>
   </datafield>
   <datafield ind2=" " ind1=" " tag="720">
      <subfield code="a">López-Jiménez, Tomàs</subfield>
      <subfield code="e">author</subfield>
   </datafield>
   <datafield ind2=" " ind1=" " tag="720">
      <subfield code="a">Horna Campos, Olivia Janett</subfield>
      <subfield code="e">author</subfield>
   </datafield>
   <datafield ind2=" " ind1=" " tag="720">
      <subfield code="a">Mazzei, Marinella</subfield>
      <subfield code="e">author</subfield>
   </datafield>
   <datafield ind2=" " ind1=" " tag="720">
      <subfield code="a">Anigstein, María Sol</subfield>
      <subfield code="e">author</subfield>
   </datafield>
   <datafield ind2=" " ind1=" " tag="720">
      <subfield code="a">Jacques-Aviñó, Constanza</subfield>
      <subfield code="e">author</subfield>
   </datafield>
   <datafield ind2=" " ind1=" " tag="260">
      <subfield code="c">2022</subfield>
   </datafield>
   <datafield ind2=" " ind1=" " tag="520">
      <subfield code="a">Analizar los factores sociales asociados a la salud autopercibida durante el confinamiento en la población residente en Chile según la perspectiva de género. Estudio transversal realizado mediante encuesta online durante el confinamiento por la COVID-19 entre el 17 de mayo y el 17 de agosto de 2020. Se analizó la salud autopercibida en población de 18 años o más en relación con variables sociales. Se construyeron modelos de regresión logística multivariante para evaluar la asociación entre las variables independientes con la salud autopercibida, a través de odds ratio ajustadas (ORa). Los análisis se estratificaron por sexo (H: hombres; M: mujeres). Se analizaron 5981 personas (el 63,9% mujeres). El 29,6% de las mujeres y el 19,2% de los hombres reportaron mala salud autopercibida. En las mujeres, empeora al aumentar la edad. La peor salud autopercibida se asoció principalmente con la falta de apoyo social (ORa H: 2,05; ORa M: 2,34), la preocupación por la convivencia en el hogar (ORa H: 1,66; ORa M: 1,38), percibir inadecuadas condiciones de la vivienda (ORa H: 1,89; ORa M: 2,63) y el desacuerdo con las medidas gubernamentales (ORa H: 2,80; ORa M: 1,82). En las mujeres, además, se asoció al trabajo informal o estar inactivas laboralmente (ORa: 2,11). En los hombres, una peor salud autopercibida se asoció a ser trabajador independiente (autónomo) (ORa: 1,65; intervalo de confianza [IC]: 1,11-2,45) y tener educación secundaria (ORa: 2,81; IC: 1,32-5,98). El impacto social del confinamiento en la salud autopercibida se relaciona con el género, la edad, el trabajo de cuidados y las condiciones socioeconómicas, así como con el desacuerdo con las medidas implementadas para gestionar la pandemia.</subfield>
   </datafield>
   <datafield tag="653" ind2=" " ind1=" ">
      <subfield code="a">Estado de salud</subfield>
   </datafield>
   <datafield tag="653" ind2=" " ind1=" ">
      <subfield code="a">Cuarentena</subfield>
   </datafield>
   <datafield tag="653" ind2=" " ind1=" ">
      <subfield code="a">COVID-19</subfield>
   </datafield>
   <datafield tag="653" ind2=" " ind1=" ">
      <subfield code="a">Rol de género</subfield>
   </datafield>
   <datafield tag="653" ind2=" " ind1=" ">
      <subfield code="a">Determinantes sociales de la salud</subfield>
   </datafield>
   <datafield tag="653" ind2=" " ind1=" ">
      <subfield code="a">Chile</subfield>
   </datafield>
   <datafield tag="653" ind2=" " ind1=" ">
      <subfield code="a">Health status</subfield>
   </datafield>
   <datafield tag="653" ind2=" " ind1=" ">
      <subfield code="a">Quarantine</subfield>
   </datafield>
   <datafield tag="653" ind2=" " ind1=" ">
      <subfield code="a">COVID-19</subfield>
   </datafield>
   <datafield tag="653" ind2=" " ind1=" ">
      <subfield code="a">Gender role</subfield>
   </datafield>
   <datafield tag="653" ind2=" " ind1=" ">
      <subfield code="a">Social determinants of health</subfield>
   </datafield>
   <datafield tag="653" ind2=" " ind1=" ">
      <subfield code="a">Chile</subfield>
   </datafield>
   <datafield ind2="0" ind1="0" tag="245">
      <subfield code="a">Impacto del confinamiento por la COVID-19 en la salud autopercibida en Chile según género</subfield>
   </datafield>
</record></metadata></record></GetRecord></OAI-PMH>